00460nam a2200145 a 450000100100000000500170001000800410002702000150006804000250008310000150010824500580012326000440018130000290022550000600025400003966420201002033652.0130715s2001 ch a 000 0 spa d a9562841936 aDO-SdBNPbspacBNPHU1 aVial, Sara10aValparaíso, el violín de la memoria /cSara Vial. aSantiago, Chile :bRIL Editores,c2001. a360 p. :bils. ;c22 cm. aIncluye datos biográficos de la autora en las solapas